[Event "Madrid-chT 1415"]
[Site "Madrid"]
[Date "2014.11.23"]
[Round "1.3"]
[White "Rivas Vila, David"]
[Black "Suarez Uriel, Adrian"]
[Result "0-1"]
[WhiteElo "2204"]
[BlackElo "2283"]
[PlyCount "50"]
[EventDate "2014.11.23"]
[EventType "team-tourn"]
[EventRounds "14"]
[EventCountry "ESP"]
[SourceTitle "EXT 2016"]
[Source "ChessBase"]
[SourceDate "2015.10.08"]
[SourceVersion "1"]
[SourceVersionDate "2015.10.08"]
[SourceQuality "1"]
[WhiteTeam "Blanco y Negro"]
[BlackTeam "Casa del Ajedrez"]
[WhiteTeamCountry "ESP"]
[BlackTeamCountry "ESP"]

1. e4 d6 2. d4 Nf6 3. Nc3 e5 4. Nf3 Nbd7 5. Bc4 Be7 6. Bxf7+ Kxf7 7. Ng5+ Kg8 8. Ne6 Qe8 9. Nxc7 Qg6 10. Nxa8 Qxg2 11. Rf1 exd4 12. Ne2 Ne5 13. Nxd4 Bg4 14. f3 Nxe4 15. Qe2 Bh4+ 16. Kd1 Nf2+ 17. Rxf2 Bxf2 18. fxg4 Qg1+ 19. Kd2 Be3+ 20. Kc3 Bxd4+ 21. Kb3 Kf7 22. Nc7 Rc8 23. Nb5 Rc6 24. c3 Be3 25. Qxe3 Qd1+ 0-1

[Event "Madrid-chT 1314"]
[Site "Madrid"]
[Date "2014.03.15"]
[Round "14.25"]
[White "Rivas Vila, David"]
[Black "Sanchez Rojo, Gustavo"]
[Result "1/2-1/2"]
[WhiteElo "2211"]
[BlackElo "2172"]
[PlyCount "51"]
[EventDate "2013.11.16"]
[EventType "team-tourn"]
[EventRounds "14"]
[EventCountry "ESP"]
[SourceTitle "EXT 2015"]
[Source "ChessBase"]
[SourceDate "2014.11.20"]
[SourceVersion "1"]
[SourceVersionDate "2014.11.20"]
[SourceQuality "1"]
[WhiteTeam "Blanco y Negro"]
[BlackTeam "La Casa del Ajedrez"]
[WhiteTeamCountry "ESP"]
[BlackTeamCountry "ESP"]

1. e4 c5 2. Nc3 Nc6 3. Nge2 Nf6 4. g3 d6 5. Bg2 g6 6. d4 cxd4 7. Nxd4 Bd7 8. Nde2 Bg7 9. 0-0 0-0 10. a4 Qa5 11. Nd5 Nxd5 12. exd5 Ne5 13. Bd2 Qc5 14. Be3 Qc7 15. Ra2 b5 16. axb5 Bxb5 17. Re1 Bxe2 18. Rxe2 Rfc8 19. Bd4 a5 20. b3 Bf6 21. Re4 Qb7 22. Qe2 Rc7 23. h4 h5 24. f4 Ng4 25. Bxf6 exf6 26. Bf3 1/2-1/2

[Event "Madrid-chT 1314"]
[Site "Madrid"]
[Date "2014.03.02"]
[Round "12.36"]
[White "Rivas Vila, David"]
[Black "Rios Rebollo, Victor"]
[Result "0-1"]
[WhiteElo "2211"]
[BlackElo "1911"]
[PlyCount "134"]
[EventDate "2013.11.16"]
[EventType "team-tourn"]
[EventRounds "14"]
[EventCountry "ESP"]
[SourceTitle "EXT 2015"]
[Source "ChessBase"]
[SourceDate "2014.11.20"]
[SourceVersion "1"]
[SourceVersionDate "2014.11.20"]
[SourceQuality "1"]
[WhiteTeam "Blanco y Negro"]
[BlackTeam "Vallecas CDV"]
[WhiteTeamCountry "ESP"]
[BlackTeamCountry "ESP"]

1. e4 e6 2. d4 d5 3. e5 c5 4. c3 Qb6 5. Nf3 Nc6 6. Be2 Be7 7. dxc5 Bxc5 8. 0-0 a5 9. Nbd2 Nge7 10. Bd3 Ng6 11. Bxg6 hxg6 12. Nb3 Be7 13. Re1 Qc7 14. Nbd4 b6 15. Nb5 Qb8 16. Bf4 Ba6 17. Qa4 Qb7 18. Nfd4 Bxb5 19. Nxb5 Rc8 20. Rad1 0-0 21. Rd3 Qd7 22. Qb3 Nb4 23. cxb4 Qxb5 24. bxa5 Qxb3 25. Rxb3 bxa5 26. Bd2 a4 27. Rb7 Bc5 28. Bb4 Bxb4 29. Rxb4 Rb8 30. Rxa4 Rxb2 31. g3 Rc8 32. Re3 Rbc2 33. h4 Kf8 34. Kg2 Ke7 35. Ra7+ R8c7 36. Rxc7+ Rxc7 37. Kf3 Ra7 38. a3 f6 39. exf6+ gxf6 40. g4 e5 41. Rb3 Ra6 42. Kg3 Ke6 43. h5 gxh5 44. gxh5 Kf5 45. f3 Kg5 46. Rd3 Ra5 47. a4 Kxh5 48. Ra3 Kg5 49. Ra1 Kf5 50. Ra3 e4 51. fxe4+ dxe4 52. Ra2 Kg5 53. Ra3 f5 54. Ra1 f4+ 55. Kf2 Kg4 56. Rg1+ Kf5 57. Ra1 Ke5 58. Ke2 Kd4 59. Rd1+ Kc4 60. Rc1+ Kb4 61. Rc8 Rxa4 62. Rf8 Ra2+ 63. Kf1 f3 64. Rc8 Kb3 65. Rc7 e3 66. Rb7+ Kc2 67. Rc7+ Kd1 0-1

[Event "Madrid-chT 1314"]
[Site "Madrid"]
[Date "2014.02.09"]
[Round "9.36"]
[White "Cao Armillas, Jesus"]
[Black "Rivas Vila, David"]
[Result "1/2-1/2"]
[WhiteElo "2160"]
[BlackElo "2211"]
[PlyCount "108"]
[EventDate "2013.11.16"]
[EventType "team-tourn"]
[EventRounds "14"]
[EventCountry "ESP"]
[SourceTitle "EXT 2015"]
[Source "ChessBase"]
[SourceDate "2014.11.20"]
[SourceVersion "1"]
[SourceVersionDate "2014.11.20"]
[SourceQuality "1"]
[WhiteTeam "Collado Villalba"]
[BlackTeam "Blanco y Negro"]
[WhiteTeamCountry "ESP"]
[BlackTeamCountry "ESP"]

1. d4 f5 2. g3 g6 3. Bg2 Bg7 4. Nf3 Nf6 5. 0-0 0-0 6. c4 d6 7. Nc3 Qe8 8. d5 c5 9. Qc2 Na6 10. Bd2 Nc7 11. Rad1 b5 12. cxb5 Nxb5 13. Nxb5 Qxb5 14. Bc3 Rb8 15. Ng5 h6 16. Ne6 Bxe6 17. dxe6 Nh5 18. Rd2 Bxc3 19. Qxc3 Qb4 20. Qe3 f4 21. Qd3 Rf6 22. Rc1 fxg3 23. hxg3 Ng7 24. Rc3 Rbf8 25. e3 Nxe6 26. Rc4 Qb5 27. Bd5 Kg7 28. Qe4 Qd7 29. Qg4 h5 30. Qh3 Rf5 31. f4 Nc7 32. e4 Nxd5 33. exf5 Qb5 34. Re4 Rxf5 35. Qh4 c4 36. Rxe7+ Nxe7 37. Qxe7+ Rf7 38. Qxd6 Qb6+ 39. Qd4+ Rf6 40. Kg2 Qxd4 41. Rxd4 Rb6 42. Rd2 Kf6 43. Kf3 Ra6 44. Rc2 Rxa2 45. Rxc4 Rxb2 46. Rc6+ Kf5 47. Rc5+ Kf6 48. Rc6+ Kg7 49. Rc7+ Kf6 50. Rxa7 Rb3+ 51. Kg2 Rb2+ 52. Kf3 Rb3+ 53. Kg2 Rb6 54. Ra5 Rc6 1/2-1/2

[Event "Madrid-chT 1213 Honor"]
[Site "Madrid"]
[Date "2013.01.27"]
[Round "7.34"]
[White "Rivas Vila, David"]
[Black "Renteria Becerra, Jorge Elicer"]
[Result "0-1"]
[WhiteElo "2213"]
[BlackElo "2300"]
[PlyCount "76"]
[EventDate "2012.11.18"]
[EventType "team"]
[EventRounds "14"]
[EventCountry "ESP"]
[SourceTitle "EXT 2014"]
[Source "ChessBase"]
[SourceDate "2013.11.20"]
[SourceVersion "1"]
[SourceVersionDate "2013.11.20"]
[SourceQuality "1"]
[WhiteTeam "Blanco y Negro"]
[BlackTeam "Villalba 64"]
[WhiteTeamCountry "ESP"]
[BlackTeamCountry "ESP"]

1. e4 c5 2. Nc3 Nc6 3. Nge2 g6 4. d4 cxd4 5. Nxd4 Bg7 6. Be3 Nf6 7. Nb3 0-0 8. Be2 a5 9. a4 Nb4 10. e5 Ne8 11. f4 d6 12. 0-0 Bd7 13. Bd4 Nc6 14. Nd5 Nxd4 15. Qxd4 Bc6 16. Nb6 dxe5 17. fxe5 Bxe5 18. Qxe5 Qxb6+ 19. Kh1 Qc7 20. Qg5 Ng7 21. Bd3 e5 22. Nd2 f5 23. Bc4+ Kh8 24. Ra3 Nh5 25. Rc3 Qd8 26. Qe3 e4 27. Nb3 f4 28. Qc5 Rf5 29. Qd4+ Ng7 30. Rh3 Qg5 31. Bb5 Rd8 32. Qc3 Bd5 33. Nd4 Rff8 34. Be2 Rc8 35. Qxa5 f3 36. Nxf3 exf3 37. Rhxf3 Ne6 38. c4 Bxf3 0-1

[Event "Madrid-chT 1112 Promociones"]
[Site "Madrid"]
[Date "2012.03.18"]
[Round "1.14"]
[White "Rivas Vila, David"]
[Black "Gonzalez Mateos, Rafael"]
[Result "1/2-1/2"]
[WhiteElo "2216"]
[BlackElo "2145"]
[PlyCount "150"]
[EventDate "2012.03.18"]
[EventType "team"]
[EventRounds "2"]
[EventCountry "ESP"]
[SourceTitle "EXT 2014"]
[Source "ChessBase"]
[SourceDate "2013.11.20"]
[SourceVersion "1"]
[SourceVersionDate "2013.11.20"]
[SourceQuality "1"]
[WhiteTeam "Blanco y Negro"]
[BlackTeam "Vallecas CDV"]
[WhiteTeamCountry "ESP"]
[BlackTeamCountry "ESP"]

1. e4 e6 2. d3 d5 3. Nd2 c5 4. g3 Nc6 5. Ngf3 g6 6. Bg2 Bg7 7. 0-0 Nge7 8. Re1 b6 9. e5 Qc7 10. Qe2 a5 11. Nf1 Ba6 12. c3 h6 13. h4 0-0-0 14. Bf4 Kb8 15. a3 c4 16. d4 a4 17. N3h2 Bc8 18. Ne3 b5 19. Nhg4 Ka7 20. Nc2 Bb7 21. Qd2 Nf5 22. Nce3 Nce7 23. Nc2 Nc6 24. Bf1 Qe7 25. Nb4 Na5 26. Rad1 Rdg8 27. Bg2 Qd8 28. Nc2 Bf8 29. Nf6 Rg7 30. Qe2 Be7 31. Ng4 g5 32. hxg5 hxg5 33. Bc1 Nb3 34. Nce3 Nxc1 35. Rxc1 Rgh7 36. Qf3 Nxe3 37. Rxe3 Qf8 38. Kf1 Qg7 39. Ree1 Qg6 40. Ke2 Rf8 41. Rh1 Rxh1 42. Bxh1 f5 43. exf6 Bxf6 44. Qe3 Bg7 45. Rd1 Ka8 46. Rd2 Qf5 47. Bf3 Re8 48. Ne5 Bxe5 49. Qxe5 g4 50. Bg2 Qb1 51. Qh5 Bc6 52. Qh1 Qf5 53. Qd1 Ka7 54. Kf1 Kb6 55. Re2 Rf8 56. Kg1 Bd7 57. Qd2 Rf6 58. Re5 Qb1+ 59. Bf1 Kc7 60. Rg5 Rf3 61. Qe2 Rd3 62. Rxg4 Rd1 63. f4 Re1 64. Qg2 e5 65. Rg7 exd4 66. Qh3 Rxf1+ 67. Qxf1 Qxb2 68. f5 Qd2 69. f6 dxc3 70. Qf5 Qe1+ 71. Kh2 Qe2+ 72. Kg1 Qe1+ 73. Kg2 Qe2+ 74. Kg1 Qe1+ 75. Kg2 Qe2+ 1/2-1/2

[Event "Madrid-chT"]
[Site "Madrid"]
[Date "2012.01.22"]
[Round "7.23"]
[White "Rivas Vila, David"]
[Black "Perez Gonzalez, Jose Manuel"]
[Result "0-1"]
[WhiteElo "2216"]
[BlackElo "2304"]
[PlyCount "80"]
[EventDate "2011.11.13"]
[EventType "team-tourn"]
[EventRounds "14"]
[EventCountry "ESP"]
[SourceTitle "EXT 2013"]
[Source "ChessBase"]
[SourceDate "2012.11.22"]
[SourceVersion "1"]
[SourceVersionDate "2012.11.22"]
[SourceQuality "1"]
[WhiteTeam "Blanco y Negro"]
[BlackTeam "Amigos del Retiro"]
[WhiteTeamCountry "ESP"]
[BlackTeamCountry "ESP"]

1. g3 g6 2. Bg2 Bg7 3. f4 Nf6 4. Nf3 0-0 5. 0-0 c5 6. d3 Nc6 7. c3 Rb8 8. e4 d6 9. Nbd2 b5 10. h3 b4 11. c4 Nd7 12. g4 a5 13. Kh1 Bb7 14. Rb1 Ra8 15. a4 e6 16. b3 Nd4 17. Nxd4 cxd4 18. Qe2 Nc5 19. f5 Qe7 20. Rf2 Rae8 21. Qf1 exf5 22. gxf5 gxf5 23. Rxf5 Bc8 24. Rh5 f5 25. exf5 Qe1 26. Ne4 Qxf1+ 27. Bxf1 Bb7 28. Kg1 Nxe4 29. dxe4 Bxe4 30. Rb2 d3 31. Rg2 Bxg2 32. Kxg2 Re1 33. Bf4 Be5 34. Bh6 Re8 35. c5 Rxf1 36. Kxf1 dxc5 37. f6 Kf7 38. Be3 Bxf6 39. Rxh7+ Kg6 40. Rh6+ Kg7 0-1

[Event "Madrid-chT"]
[Site "Madrid"]
[Date "2011.12.18"]
[Round "5.23"]
[White "Rivas Vila, David"]
[Black "Prieto Martin, Alfonso"]
[Result "0-1"]
[WhiteElo "2216"]
[BlackElo "2158"]
[PlyCount "88"]
[EventDate "2011.11.13"]
[EventType "team-tourn"]
[EventRounds "14"]
[EventCountry "ESP"]
[SourceTitle "EXT 2013"]
[Source "ChessBase"]
[SourceDate "2012.11.22"]
[SourceVersion "1"]
[SourceVersionDate "2012.11.22"]
[SourceQuality "1"]
[WhiteTeam "Blanco y Negro"]
[BlackTeam "Leganes"]
[WhiteTeamCountry "ESP"]
[BlackTeamCountry "ESP"]

1. e4 c5 2. Nc3 e6 3. Nge2 Nc6 4. g3 g6 5. d4 d5 6. exd5 exd5 7. Bg2 cxd4 8. Nxd5 Be6 9. Ndf4 Qd7 10. 0-0 0-0-0 11. Re1 Bg4 12. f3 Bf5 13. g4 Be6 14. Nxe6 fxe6 15. Nf4 e5 16. Nd3 Bd6 17. f4 exf4 18. Bxf4 Nf6 19. g5 Nh5 20. Bxd6 Qxd6 21. Qg4+ Kb8 22. Re6 Qc7 23. Rf1 Ng7 24. Nc5 Qb6 25. Qf4+ Ka8 26. Na4 Qb5 27. Rxc6 bxc6 28. Qc7 Rc8 29. Qxg7 Qxa4 30. Rf6 Rhd8 31. Qe7 Rd5 32. Rf7 Qa6 33. Qe6 Rxg5 34. h4 Rg3 35. Qd6 Rxg2+ 36. Kxg2 Qe2+ 37. Kg3 Qe1+ 38. Kg2 Qe4+ 39. Kg1 Qg4+ 40. Kf1 Qd1+ 41. Kg2 Qxc2+ 42. Kg3 Qd3+ 43. Kg4 Qe4+ 44. Rf4 Qg2# 0-1

[Event "Moratalaz op 24th"]
[Site "Madrid"]
[Date "2011.09.23"]
[Round "9"]
[White "Rivas Vila, David"]
[Black "Martin Duque, Jesus"]
[Result "0-1"]
[WhiteElo "2237"]
[BlackElo "2136"]
[PlyCount "46"]
[EventDate "2011.09.15"]
[EventType "swiss"]
[EventRounds "9"]
[EventCountry "ESP"]
[SourceTitle "CBM 144 Extra"]
[Source "ChessBase"]
[SourceDate "2011.10.28"]
[SourceVersion "1"]
[SourceVersionDate "2011.10.28"]
[SourceQuality "1"]

1. g3 d5 2. f4 c6 3. Bg2 Nf6 4. d3 g6 5. Nf3 Bg7 6. 0-0 0-0 7. c3 Nbd7 8. Qe1 Re8 9. Ne5 Qc7 10. Nxd7 Nxd7 11. e4 dxe4 12. dxe4 e5 13. f5 Nf6 14. Nd2 b5 15. h3 Bb7 16. Nb3 c5 17. Bg5 Nd7 18. Qf2 c4 19. Nd2 f6 20. Be3 Bf8 21. fxg6 hxg6 22. Kh2 Be7 23. Bxa7 Rxa7 0-1

[Event "Burgas op 17th"]
[Site "Ourense"]
[Date "2008.07.10"]
[Round "8"]
[White "Perez Candelario, Matias"]
[Black "Rivas Vila, David"]
[Result "1-0"]
[WhiteElo "2064"]
[BlackElo "2260"]
[PlyCount "121"]
[EventDate "2008.07.03"]
[EventType "swiss"]
[EventRounds "9"]
[EventCountry "ESP"]
[SourceTitle "CBM 125 Extra"]
[Source "ChessBase"]
[SourceDate "2008.09.01"]
[SourceVersion "1"]
[SourceVersionDate "2008.09.01"]
[SourceQuality "1"]

1. e4 c5 2. Nf3 Nc6 3. d4 cxd4 4. Nxd4 g6 5. Nc3 Bg7 6. Be3 Nf6 7. Be2 0-0 8. 0-0 d6 9. f4 Qb6 10. Rb1 Nxe4 11. Nf5 Nxc3 12. bxc3 Qc7 13. Nxg7 Kxg7 14. Bd3 f5 15. Rf3 e5 16. Rh3 Be6 17. Qe1 Kg8 18. Qg3 Rf7 19. Rh6 Ne7 20. h4 b6 21. h5 Rg7 22. fxe5 dxe5 23. Bg5 Nd5 24. c4 Nf4 25. Bf6 Nxh5 26. Qxe5 Qxe5 27. Bxe5 Re7 28. g4 fxg4 29. Bxg6 hxg6 30. Rh8+ Kf7 31. Rxa8 Bxc4 32. Bd6 Rd7 33. Be5 Ng7 34. Rh8 Re7 35. Re1 a5 36. a3 b5 37. Kf2 b4 38. axb4 axb4 39. Rh7 Kg8 40. Rxg7+ Rxg7 41. Bxg7 Kxg7 42. Re4 Ba6 43. Rxg4 Bc8 44. Rxb4 Bf5 45. c4 Kf6 46. Ke3 Ke5 47. Rb5+ Kd6 48. Kd4 Kc6 49. Ra5 Kb6 50. Re5 Kc6 51. Re1 Bd7 52. Ra1 g5 53. Ra6+ Kc7 54. Rg6 g4 55. Kd5 Bc8 56. c5 Bd7 57. c6 Bc8 58. Kc5 Bf5 59. Rg7+ Kd8 60. c7+ Kc8 61. Kb6 1-0

[Event "Burgas op 17th"]
[Site "Ourense"]
[Date "2008.07.08"]
[Round "6"]
[White "Lozoya Rodriguez, Alberto"]
[Black "Rivas Vila, David"]
[Result "1-0"]
[WhiteElo "2171"]
[BlackElo "2260"]
[PlyCount "89"]
[EventDate "2008.07.03"]
[EventType "swiss"]
[EventRounds "9"]
[EventCountry "ESP"]
[SourceTitle "CBM 125 Extra"]
[Source "ChessBase"]
[SourceDate "2008.09.01"]
[SourceVersion "1"]
[SourceVersionDate "2008.09.01"]
[SourceQuality "1"]

1. e4 c5 2. Nf3 Nc6 3. Bb5 g6 4. Bxc6 dxc6 5. d3 Bg7 6. Nc3 Bg4 7. h3 Bxf3 8. Qxf3 Nf6 9. Be3 Nd7 10. 0-0 e5 11. Qg3 Qe7 12. f4 exf4 13. Bxf4 Bd4+ 14. Kh1 0-0-0 15. Rab1 h6 16. a3 g5 17. Be3 Be5 18. Qf2 f6 19. Na4 Bd6 20. b4 Qe5 21. Qg1 cxb4 22. axb4 b5 23. Nc5 Nxc5 24. Bd4 Qe7 25. Bxf6 Nxe4 26. dxe4 Qc7 27. Bxh8 Rxh8 28. Qd4 Be5 29. Qc5 Re8 30. Rf8 Rxf8 31. Qxf8+ Kb7 32. Rd1 h5 33. Qe8 Kb6 34. Rd7 Qb8 35. Qe7 Bc7 36. e5 g4 37. e6 gxh3 38. gxh3 Qc8 39. Qc5+ Kb7 40. Qd6 Kb6 41. Qd4+ Kb7 42. e7 Ka6 43. Qa1+ Kb6 44. Qa5+ Kb7 45. Rxc7+ 1-0

[Event "ESP-ch Universities"]
[Site "Madrid"]
[Date "2008.05.10"]
[Round "8"]
[White "Sierra Canosa, Francisco"]
[Black "Rivas Vila, David"]
[Result "0-1"]
[WhiteElo "2141"]
[BlackElo "2242"]
[PlyCount "112"]
[EventDate "2008.05.08"]
[EventType "swiss"]
[EventRounds "9"]
[EventCountry "ESP"]
[SourceTitle "CBM 124 Extra"]
[Source "ChessBase"]
[SourceDate "2008.07.03"]
[SourceVersion "1"]
[SourceVersionDate "2008.07.03"]
[SourceQuality "1"]

1. e4 c5 2. Nf3 Nc6 3. Nc3 g6 4. d4 cxd4 5. Nxd4 Bg7 6. Be3 Nf6 7. Bc4 Qa5 8. 0-0 0-0 9. Nb3 Qc7 10. Be2 d6 11. Bg5 Be6 12. f4 Qc8 13. Qd2 Rd8 14. Rae1 d5 15. e5 Ne4 16. Nxe4 dxe4 17. Qe3 f6 18. exf6 exf6 19. Bh4 Re8 20. Rd1 f5 21. c3 a5 22. Nc5 a4 23. a3 Bf8 24. Nxe6 Qxe6 25. Qb6 Na5 26. Qxe6+ Rxe6 27. Rd8 Rxd8 28. Bxd8 Bc5+ 29. Kh1 Bb6 30. Rd1 Kf8 31. Bb5 e3 32. Bxb6 Rxb6 33. c4 Re6 34. g3 Nb3 35. Re1 Nd4 36. Bxa4 h5 37. Kg2 Ke7 38. Bb5 Kf6 39. a4 g5 40. fxg5+ Kxg5 41. c5 h4 42. Bc4 Re5 43. gxh4+ Kxh4 44. Rd1 Re4 45. Bd3 Rg4+ 46. Kf1 f4 47. Be2 Nxe2 48. Kxe2 Rg2+ 49. Kd3 e2 50. Rc1 Rf2 51. Re1 f3 52. a5 Rxh2 53. Rc1 Kg3 54. Ke3 Kg2 55. a6 bxa6 56. c6 Rh7 0-1

[Event "ESP-ch Universities"]
[Site "Madrid"]
[Date "2008.05.09"]
[Round "6"]
[White "Cabrero de Cabo, Miguel Angel"]
[Black "Rivas Vila, David"]
[Result "0-1"]
[WhiteElo "2102"]
[BlackElo "2242"]
[PlyCount "78"]
[EventDate "2008.05.08"]
[EventType "swiss"]
[EventRounds "9"]
[EventCountry "ESP"]
[SourceTitle "CBM 124 Extra"]
[Source "ChessBase"]
[SourceDate "2008.07.03"]
[SourceVersion "1"]
[SourceVersionDate "2008.07.03"]
[SourceQuality "1"]

1. e4 c5 2. Nc3 Nc6 3. g3 g6 4. Bg2 Bg7 5. d3 Rb8 6. Be3 b5 7. Qd2 b4 8. Nd1 d6 9. f4 e6 10. Nf3 Nd4 11. 0-0 Ne7 12. Qf2 Nec6 13. Nh4 0-0 14. c3 bxc3 15. bxc3 Nb5 16. e5 Na5 17. a4 Nc7 18. exd6 Na6 19. Qc2 Qxd6 20. Nf2 Rd8 21. Rad1 f5 22. d4 c4 23. d5 Qe7 24. Rfe1 Qf7 25. dxe6 Qxe6 26. Nf3 Rxd1 27. Rxd1 h6 28. Bd4 Bxd4 29. cxd4 Nb4 30. Qc3 Nac6 31. Ne5 Nxe5 32. dxe5 Na2 33. Qa5 c3 34. Nd3 c2 35. Rf1 Qd7 36. Nc1 Nxc1 37. Rxc1 Qd1+ 38. Qe1 Qxe1+ 39. Rxe1 Rb1 0-1

[Event "Patrimonio op 2nd"]
[Site "Alcala de Henares"]
[Date "2007.10.11"]
[Round "5"]
[White "Rivas Vila, David"]
[Black "Avendano Mateos, Ivan Jose"]
[Result "1-0"]
[WhiteElo "2241"]
[BlackElo "1982"]
[PlyCount "58"]
[EventDate "2007.10.07"]
[EventType "swiss"]
[EventRounds "9"]
[EventCountry "ESP"]
[SourceTitle "EXT 2008"]
[Source "ChessBase"]
[SourceDate "2007.11.25"]
[SourceVersion "1"]
[SourceVersionDate "2007.11.25"]
[SourceQuality "1"]

1. e4 c5 2. Nc3 d6 3. g3 Nc6 4. Bg2 g6 5. d3 Bg7 6. Be3 e6 7. Qd2 Bd7 8. Nf3 a6 9. 0-0 Nge7 10. Bh6 0-0 11. h4 Nd4 12. h5 Nec6 13. Bxg7 Nxf3+ 14. Bxf3 Kxg7 15. Nd1 g5 16. Ne3 h6 17. Bg2 f6 18. c3 Be8 19. Qe2 Ra7 20. f4 b5 21. Rad1 Raf7 22. d4 cxd4 23. cxd4 Qb6 24. d5 exd5 25. exd5 Re7 26. dxc6 Qxe3+ 27. Qxe3 Rxe3 28. Rxd6 Re7 29. g4 Rc7 1-0

[Event "Burgas op 15th"]
[Site "Ourense"]
[Date "2006.??.??"]
[Round "9"]
[White "Outomuro Nieves, Rafael"]
[Black "Rivas Vila, David"]
[Result "0-1"]
[WhiteElo "2054"]
[BlackElo "2202"]
[PlyCount "82"]
[EventDate "2006.07.04"]
[EventType "swiss"]
[EventRounds "9"]
[EventCountry "ESP"]
[SourceTitle "CBM 113 Extra"]
[Source "ChessBase"]
[SourceDate "2006.09.14"]
[SourceVersion "1"]
[SourceVersionDate "2006.09.14"]
[SourceQuality "1"]

1. e4 c5 2. Nf3 Nc6 3. d4 cxd4 4. Nxd4 g6 5. Nc3 Bg7 6. Be3 Nf6 7. Be2 0-0 8. Nb3 d6 9. 0-0 Be6 10. f4 Na5 11. Nxa5 Qxa5 12. Bf3 Rac8 13. h3 b5 14. Ne2 Rfd8 15. Nd4 Bc4 16. Rf2 b4 17. Rd2 Qc7 18. a3 e5 19. Ne2 Bxe2 20. Qxe2 d5 21. axb4 dxe4 22. Rxd8+ Rxd8 23. Bg4 exf4 24. Rxa7 Qe5 25. Qc4 Nxg4 26. Qxf7+ Kh8 27. Rd7 Rf8 28. Qxf8+ Bxf8 29. Bd4 Bxb4 30. Bxe5+ Nxe5 31. Rd5 Nc4 32. c3 Ba5 33. Kf2 Bb6+ 34. Ke2 Bg1 35. b4 Ne3 36. Re5 Nf5 37. Ke1 Ng3 38. c4 Bd4 39. Re8+ Kg7 40. c5 Kf7 41. Rd8 Bc3+ 0-1

[Event "Pablo Gorbea Memorial 5th"]
[Site "Madrid"]
[Date "2001.09.11"]
[Round "5"]
[White "Gallego Jimenez, Victoriano"]
[Black "Rivas Vila, David"]
[Result "1/2-1/2"]
[WhiteElo "2361"]
[BlackElo "2170"]
[PlyCount "38"]
[EventDate "2001.09.06"]
[EventType "swiss"]
[EventRounds "9"]
[EventCountry "ESP"]
[SourceTitle "CBM 084 Extra"]
[Source "ChessBase"]
[SourceDate "2001.10.26"]
[SourceVersion "1"]
[SourceVersionDate "2001.10.26"]
[SourceQuality "1"]

1. d4 f5 2. Bg5 g6 3. Nd2 Nh6 4. e4 Nf7 5. Be3 d6 6. Ngf3 Bg7 7. Bc4 e6 8. Bb3 Qf6 9. 0-0 h6 10. Re1 0-0 11. exf5 exf5 12. c3 c6 13. d5 c5 14. a4 g5 15. Nc4 Nd7 16. Bc1 Nb6 17. Nxb6 axb6 18. Re6 Qd8 19. Qd3 Nh8 1/2-1/2

[Event "Lisbon op"]
[Site "Lisbon"]
[Date "2001.08.26"]
[Round "6"]
[White "Rivas Vila, David"]
[Black "Frois, Antonio"]
[Result "1-0"]
[WhiteElo "2170"]
[BlackElo "2374"]
[PlyCount "91"]
[EventDate "2001.08.21"]
[EventType "swiss"]
[EventRounds "9"]
[EventCountry "POR"]
[SourceTitle "EXT 2002"]
[Source "ChessBase"]
[SourceDate "2001.11.25"]
[SourceVersion "1"]
[SourceVersionDate "2001.11.25"]
[SourceQuality "1"]

1. e4 c5 2. Nf3 Nc6 3. Bb5 g6 4. 0-0 Bg7 5. Re1 Nf6 6. d4 cxd4 7. e5 Nd5 8. Bxc6 dxc6 9. Qxd4 0-0 10. Qh4 f6 11. Na3 Qc7 12. Qg3 Bf5 13. Bd2 Qb6 14. Nc4 Qc5 15. b3 Rad8 16. Rac1 Rd7 17. e6 Rdd8 18. Nh4 Kh8 19. Qf3 Nc7 20. Be3 Qd5 21. Nxf5 gxf5 22. Bxa7 Nxe6 23. Qxd5 cxd5 24. Rxe6 dxc4 25. Rxe7 Bh6 26. Be3 f4 27. Bc5 Rd5 28. Bb6 c3 29. Rce1 Rd2 30. R7e2 f3 31. gxf3 Rg8+ 32. Kf1 Bf4 33. Be3 Bxe3 34. fxe3 Rd5 35. e4 Rdg5 36. Rf2 b5 37. a4 bxa4 38. bxa4 h5 39. Re3 Rc5 40. f4 Rb8 41. Rff3 Rb4 42. a5 Rxa5 43. e5 fxe5 44. fxe5 Rd4 45. e6 Rd2 46. Rf2 1-0

[Event "ESP-chT2"]
[Site "Vila Real"]
[Date "2001.08.14"]
[Round "2"]
[White "Cramling, Pia"]
[Black "Rivas Vila, David"]
[Result "1-0"]
[WhiteElo "2510"]
[BlackElo "2170"]
[PlyCount "77"]
[EventDate "2001.08.13"]
[EventType "team"]
[EventRounds "7"]
[EventCountry "ESP"]
[SourceTitle "EXT 2002"]
[Source "ChessBase"]
[SourceDate "2001.11.25"]
[SourceVersion "1"]
[SourceVersionDate "2001.11.25"]
[SourceQuality "1"]

1. d4 f5 2. g3 Nf6 3. Bg2 g6 4. b3 Bg7 5. Bb2 0-0 6. Nf3 d6 7. 0-0 Nc6 8. d5 Nb4 9. c4 c5 10. a3 Na6 11. Nc3 Rb8 12. Qc2 Bd7 13. Nd2 Nc7 14. b4 b6 15. e3 Qe8 16. Rfe1 Qf7 17. f4 e5 18. fxe5 dxe5 19. Nf3 Nfe8 20. Ne2 Qe7 21. e4 fxe4 22. Nd2 e3 23. Ne4 Nd6 24. Nxd6 Qxd6 25. Qe4 Bf5 26. Qxe3 cxb4 27. axb4 Qxb4 28. Ba3 Qxc4 29. Rac1 Nxd5 30. Qd2 Qg4 31. Bxd5+ Kh8 32. Bxf8 Bxf8 33. Qe3 Re8 34. Bc6 Bd7 35. Bxd7 Qxd7 36. Qe4 Bc5+ 37. Kg2 Qd2 38. Rcd1 Qb2 39. Rf1 1-0

[Event "Mondariz op 7th"]
[Site "Mondariz"]
[Date "2000.08.02"]
[Round "8"]
[White "Hernandez Onna, Roman"]
[Black "Rivas Vila, David"]
[Result "1-0"]
[WhiteElo "2400"]
[BlackElo "2110"]
[PlyCount "53"]
[EventDate "2000.07.26"]
[EventType "swiss"]
[EventRounds "9"]
[EventCountry "ESP"]
[SourceTitle "EXT 2001"]
[Source "ChessBase"]
[SourceDate "2000.11.22"]
[SourceVersion "1"]
[SourceVersionDate "2000.11.22"]
[SourceQuality "1"]

1. d4 f5 2. Nf3 Nf6 3. g3 g6 4. Bg2 Bg7 5. 0-0 0-0 6. c4 d6 7. Nc3 c6 8. b3 Qa5 9. Bb2 e5 10. Qd2 Na6 11. e3 Qc7 12. Rac1 e4 13. Ne1 Be6 14. f3 exf3 15. Nxf3 Rad8 16. e4 Rfe8 17. d5 fxe4 18. dxe6 exf3 19. Rxf3 Ng4 20. Rf7 Qb6+ 21. Kh1 Bh6 22. Qe2 Ne5 23. Rcf1 Nc5 24. e7 Nxf7 25. Nd5 cxd5 26. Bxd5 Rf8 27. Rxf7 1-0

[Event "Mondariz op 7th"]
[Site "Mondariz"]
[Date "2000.07.30"]
[Round "5"]
[White "Hernandez Estevez, Yudania"]
[Black "Rivas Vila, David"]
[Result "0-1"]
[WhiteElo "2322"]
[BlackElo "2110"]
[PlyCount "60"]
[EventDate "2000.07.26"]
[EventType "swiss"]
[EventRounds "9"]
[EventCountry "ESP"]
[SourceTitle "EXT 2001"]
[Source "ChessBase"]
[SourceDate "2000.11.22"]
[SourceVersion "1"]
[SourceVersionDate "2000.11.22"]
[SourceQuality "1"]

1. e4 c5 2. Nf3 Nc6 3. d4 cxd4 4. Nxd4 g6 5. Nc3 Bg7 6. Be3 Nf6 7. Bc4 Qa5 8. 0-0 0-0 9. Nb3 Qc7 10. Bg5 b6 11. f4 Na5 12. Be2 Nxb3 13. axb3 Bb7 14. Ra4 d6 15. Bf3 b5 16. Ra2 Rfc8 17. Rf2 b4 18. Nd5 Nxd5 19. exd5 Qb6 20. Kf1 Bd4 21. Re2 f6 22. Bh6 a5 23. Be4 f5 24. Bd3 Bxd5 25. Rxe7 Re8 26. Qe2 Rxe7 27. Qxe7 Qc6 28. Qg5 Bxb3 29. Rxa5 Re8 30. Rxf5 Bxc2 0-1